=LDR 00000nam 2200000 4500 =001 001128 =005 20250713055431 =035 ##$$a 0010-0725001012 =007 ta =008 250713################a##########0#ind## =020 ##$$a 987-623-118-830-4 =082 ##$$a 398. 209 598 =084 ##$$a 398. 209 598 AMB d =100 #$$a Ambarwati, Pratiwi =245 1#$$a Dudung Suka Balap Karung /$c Pratiwi Ambarwati =250 ##$$a Cetakan Pertama =260 ##$$a Jakarta Timur :$b Badan Pengembangan dan Pembinaan Bahasa,$c 2024 =300 ##$$a 28 hlm. : $b Ilus. ; $c 29,7 cm =650 #4$$a Cerita Anak-Indonesia =650 #4$$a Kesusastraan Anak =990 ##$$a TBM202400676